Statistiques concernant Top 10 des films français les plus chers

Cliquez ici pour prendre le quiz!

Statistiques générales

  • Ce quiz a été pris 50 fois
  • Le résultat moyen est 3 sur 10

Statistiques - réponses

BudgetDate de sortieRéalisateurFilm% Correct
66 240 000 €2023Guillaume CanetAstérix et Obélix : L'Empire du Milieu
67%
75 200 000 €1997Luc BessonLe Cinquième Élément
65%
197 471 676 €2017Luc BessonValérian et la Cité des mille planètes
63%
65 200 000 €2006Luc BessonArthur et les Minimoys
39%
64 519 000 €2008Mathieu KassovitzBabylon A.D.
15%
74 982 618 €2008Thomas Langmann et Frédéric ForestierAstérix aux Jeux olympiques
11%
80 000 000 €2023Jérémy ZagMiraculous, le film
11%
68 800 000 €2010Luc BessonArthur 3 : La Guerre des deux mondes
9%
63 200 000 €2009Luc BessonArthur et la Vengeance de Malthazard
9%
64 000 000 €2011Paul W. S. AndersonLes Trois Mousquetaires
9%

Distribution des résultats

Percentile par nombre de réponses

% des personnes avec chaque résultat

Votre développement - résultats

Vous n’avez pas pris ce quiz